000 01385nam a2200265Ia 4500
003 Ost
005 20260507075216.0
008 260507s9999||||xx |||||||||||||| ||und||
020 _a51453899579
040 _cfsecg
041 _aara
082 _a330
100 _aالعذاري، عدنان داود محمد
_eمؤلف
245 0 _aاكتشاف الدورات الاقتصادية الأمريكية للمدة من 1955-2004 باستخدام نموذج كالدور /
_c عدنان داود محمد العذاري
260 _aعمان:
_bدار جرير,
_c2010
300 _a271 صفحة؛
_bإيضاحات ؛
_c24 سم
504 _aمراجع ص.262
520 _aالاقتصاد العالمي بعد 1990 و المشكلات الاقتصادية في القرن الحالي وفق رؤية اقتصادية تحليلية بغرض تشخيص ابعاد دورات الاعمال في الاقتصاد الامريكي و مضامينها المختلفة بتطبيق نمودج كالدور لتقدير الدورات الاقتصادية لمدة 1955_2004.
653 _aالاقتصاد المالي
653 _aالتنمية الاقتصادية
653 _aالسياسة المالية
653 _aالولايات المتحدة الامريكية
700 _aالبكري، جواد كاظم
_eمؤلف ثانوي
942 _cكتاب
999 _c43497
_d43497